ბათუმის შოთა რუსთაველის სახელმწიფო უნივერსიტეტის ბიბლიოთეკა

მიდი, გარეკე! : (ბიბ.ჩანაწერი № 58865)

000 -ლიდერი
ფიქსირებული სიგრძის საკონტროლო ველი 01369nam a22002297a 4500
003 - საკონტროლო ნომრის იდენტიფიკატორი
საკონტროლო ველი Ge_BSU
005 - ბოლო ოპერაციის თარიღი და დრო
საკონტროლო ველი 20221011152129.0
008 - ფიქსირებული სიგრძის მონაცემთა ელემენტები - ზოგადი ინფორმაცია
ფიქსირებული სიგრძის საკონტროლო ველი 221011s2018 ge ||||| |||| 00| 0 geo d
020 ## - წიგნის საერთაშორისო სტანდარტული ნომერი
International Standard Book Number 9789941262203
041 ## - ენის კოდი
Language code of text/sound track or separate title geo
080 ## - უნივერსალური ათობითი კლასიფიკაციის ინდექსი
Universal Decimal Classification number 821.353.1-1 მ-65
100 ## - მთავარი ჩანაწერი - პიროვნების სახელი
Personal name მთვარელიძე, მურად
9 (RLIN) 14712
245 ## - ცნობა სათაურის შესახებ
Title მიდი, გარეკე! :
Remainder of title ლექსები /
Statement of responsibility, etc მურად მთვარელიძე ; რედაქტორი თათია მთვარელიძე ; წინასიტყვაობა თამარ გოგოლაძე ; დიზაინი მინდია მთვარელიძის
264 ## - წარმოების, გამოცემის, დისტრიბუციის და სხვა ცნობები
გამოცემის, წარმოების, დისტრიბუციის... ადგილი თბილისი :
გამოცემის, წარმოების, დისტრიბუციის... სახელწოდება უნივერსალი,
გამოცემის, წარმოების, დისტრიბუციის... თარიღი 2018.
300 ## - ფიზიკური აღწერა
Extent 200 გვ. :
Other physical details ილ. ;
Dimensions 21 სმ.
500 ## - ზოგადი შენიშვნა
General note წიგნი გამოდის ბ-ნი გელა ჩადუნელის დაფინანსებით.
653 ## - INDEX TERM--UNCONTROLLED
Uncontrolled term ქართული პოეზია
700 ## - ADDED ENTRY--PERSONAL NAME
Personal name მთვარელიძე, თათია
Relator term რედაქტორი
9 (RLIN) 14713
700 ## - ADDED ENTRY--PERSONAL NAME
Personal name გოგოლაძე, თამარ
Relator term წინასიტყვაობის ავტორი.
9 (RLIN) 13596
700 ## - ADDED ENTRY--PERSONAL NAME
Personal name მთვარელიძე, მინდია
Relator term დიზაინერი
9 (RLIN) 15238
942 ## - ADDED ENTRY ELEMENTS (KOHA)
Source of classification or shelving scheme
Koha item type წიგნი
ეგზემპლარები
ჩამოწერის სტატუსი დაკარგული ეგზემპლარის სტატუსი კლასიფიკაციის წყარო ან თაროზე გაწყობის სქემა დაზიანების სტატუსი არ გაიცემა მუდმივი მდებარეობა (დაცვის ადგილი) ამჟამინდელი ადგილსამყოფელი თაროზე განთავსების ადგილი შეძენის თარიღი ღირებულება, შესყიდვის ნორმალური ფასი სრული შენახვის შიფრი შტრიხკოდი ბოლო ოპერაციის თარიღი ეგზემპლარის მიმდევრობითი ნომერი (კეტერი?) ფასის ძალაში შესვლის თარიღი ეგზემპლარის სახეობა საჯარო შენიშვნა
          ბათუმის შოთა რუსთაველის სახელმწიფო უნივერსიტეტის მთავარი ბიბლიოთეკა ბათუმის შოთა რუსთაველის სახელმწიფო უნივერსიტეტის მთავარი ბიბლიოთეკა წიგნსაცავი 2022-10-11 5.00 821.353.1-1 მ-65 28669 2022-10-11 28669 2022-10-11 წიგნი 5 ლ.